00439nam a2200133Ia 4500082001200000100002200012245005600034260003100090300001000121650005000131650005700181650004200238710002500280 aTD.0037 aDas, Radha Govind 0aOriyare Sahayaka Grantha : Reference books in Oriya c1985bSambalpur University a161p. aORIYA REFERENCE BOOKS//REFERENCE BOOKS, ORIYA aBIBLIOGRAPHY///REFERENCE BOOKS, ORIYA - BIBLIOGRAPHY aREFERENCE BOOKS, ORIYA - BIBLIOGRAPHY aMahapatra, Khageswar